All 10k+ Cities in Czechia - Statistics

General Stats
  • This quiz has been taken 201 times
  • The average score is 67 of 130
Answers on the Map
Answers color-coded by a green-red scale on the quiz's map according to % correct below.
 
Answer Stats
Regions Population Answer % Correct
Praha 1,301,432 Prague
95%
Moravskoslezský kraj 282,450 Ostrava
93%
Jihomoravský kraj 398,510 Brno
91%
Plzeňský kraj 174,007 Plzeň
89%
Olomoucký kraj 106,063 Olomouc
87%
Karlovarský kraj 44,323 Karlovy Vary
85%
Liberecký kraj 104,340 Liberec
83%
Ústecký kraj 89,713 Ústí nad Labem
83%
Královéhradecký kraj 92,649 Hradec Králové
82%
Zlínský kraj 74,178 Zlín
82%
Jihočeský kraj 95,664 České Budějovice
81%
Pardubický kraj 89,619 Pardubice
81%
Vysočina 50,523 Jihlava
74%
Moravskoslezský kraj 55,146 Opava
73%
Moravskoslezský kraj 53,698 Frýdek-Místek
72%
Ústecký kraj 61,306 Most
72%
Karlovarský kraj 12,257
70%
Karlovarský kraj 30,161 Cheb
68%
Ústecký kraj 45,549 Chomutov
68%
Středočeský kraj 67,756 Kladno
68%
Středočeský kraj 42,536 Mladá Boleslav
67%
Ústecký kraj 46,337 Děčín
66%
Ústecký kraj 48,428 Teplice
66%
Jihomoravský kraj 33,736 Znojmo
66%
Jihočeský kraj 12,278 Český Krumlov
65%
Moravskoslezský kraj 48,473 Karviná
65%
Liberecký kraj 35,890 Česká Lípa
63%
Liberecký kraj 44,486 Jablonec nad Nisou
63%
Jihomoravský kraj 24,318 Břeclav
62%
Jihočeský kraj 33,360 Tábor
62%
Moravskoslezský kraj 68,153 Havířov
61%
Jihomoravský kraj 24,100 Hodonín
60%
Olomoucký kraj 41,019 Přerov
60%
Jihočeský kraj 20,437 Jindřichův Hradec
59%
Středočeský kraj 31,950 Kolín
59%
Karlovarský kraj 11,979 Mariánské Lázně
59%
Karlovarský kraj 21,484 Sokolov
59%
Jihočeský kraj 29,609 Písek
58%
Olomoucký kraj 43,666 Prostějov
58%
Vysočina 34,368 Třebíč
58%
Vysočina 22,920 Havlíčkův Brod
57%
Středočeský kraj 20,162 Kutná Hora
57%
Ústecký kraj 22,388 Litvínov
57%
Moravskoslezský kraj 23,130 Český Těšín
56%
Plzeňský kraj 21,579 Klatovy
56%
Středočeský kraj 19,588 Mělník
56%
Královéhradecký kraj 29,054 Trutnov
56%
Ústecký kraj 23,432 Litoměřice
55%
Olomoucký kraj 25,182 Šumperk
55%
Středočeský kraj 20,551 Beroun
54%
Královéhradecký kraj 15,904 Jičín
54%
Středočeský kraj 14,797 Nymburk
54%
Moravskoslezský kraj 33,782 Třinec
54%
Zlínský kraj 25,019 Uherské Hradiště
54%
Olomoucký kraj 10,543 Jeseník
53%
Moravskoslezský kraj 22,656 Nový Jičín
53%
Středočeský kraj 31,711 Příbram
53%
Jihomoravský kraj 20,304 Vyškov
53%
Pardubický kraj 22,873 Chrudim
52%
Plzeňský kraj 10,872 Domažlice
52%
Středočeský kraj 16,444 Říčany
52%
Liberecký kraj 14,242 Turnov
52%
Moravskoslezský kraj 20,038 Bohumín
51%
Zlínský kraj 28,280 Kroměříž
51%
Středočeský kraj 16,369 Benešov
50%
Plzeňský kraj 13,758 Rokycany
50%
Zlínský kraj 21,709 Valašské Meziříčí
50%
Moravskoslezský kraj 14,936 Bruntál
49%
Zlínský kraj 24,958 Vsetín
49%
Vysočina 20,124 Žďár nad Sázavou
49%
Moravskoslezský kraj 22,117 Krnov
48%
Ústecký kraj 17,563 Louny
48%
Královéhradecký kraj 19,061 Náchod
48%
Vysočina 15,577 Pelhřimov
48%
Jihočeský kraj 21,909 Strakonice
48%
Pardubický kraj 13,958 Ústí nad Orlicí
48%
Pardubický kraj 14,866 Česká Třebová
47%
Ústecký kraj 14,390 Varnsdorf
47%
Středočeský kraj 15,373 Rakovník
46%
Ústecký kraj 18,467 Žatec
46%
Moravskoslezský kraj 27,581 Orlová
45%
Pardubický kraj 16,242 Svitavy
45%
Královéhradecký kraj 14,950 Dvůr Králové nad Labem
44%
Jihočeský kraj 10,440 Prachatice
44%
Plzeňský kraj 12,510 Tachov
44%
Jihomoravský kraj 19,900 Blansko
43%
Pardubický kraj 10,027 Litomyšl
43%
Zlínský kraj 17,131 Otrokovice
43%
Zlínský kraj 16,093 Uherský Brod
43%
Olomoucký kraj 17,469 Hranice
42%
Karlovarský kraj 16,671 Ostrov
42%
Ústecký kraj 17,386 Kadaň
41%
Středočeský kraj 18,375 Kralupy nad Vltavou
41%
Vysočina 10,835 Humpolec
40%
Středočeský kraj 14,536 Poděbrady
40%
Zlínský kraj 16,005 Rožnov pod Radhoštěm
40%
Středočeský kraj 15,945 Slaný
40%
Ústecký kraj 14,104 Bílina
39%
Ústecký kraj 18,387 Jirkov
39%
Vysočina 11,409 Velké Meziříčí
39%
Ústecký kraj 13,829 Klášterec nad Ohří
38%
Ústecký kraj 10,381 Rumburk
38%
Moravskoslezský kraj 13,634 Hlučín
37%
Moravskoslezský kraj 21,019 Kopřivnice
37%
Plzeňský kraj 10,549 Sušice
37%
Pardubický kraj 12,069 Vysoké Mýto
37%
Královéhradecký kraj 11,980 Jaroměř
36%
Středočeský kraj 15,866 Neratovice
36%
Liberecký kraj 11,433 Nový Bor
36%
Královéhradecký kraj 10,588 Rychnov nad Kněžnou
36%
Olomoucký kraj 13,479 Zábřeh
36%
Středočeský kraj 19,029 Brandýs nad Labem-Stará Boleslav
35%
Středočeský kraj 10,154 Čáslav
35%
Karlovarský kraj 12,451 Chodov
35%
Ústecký kraj 12,372 Roudnice nad Labem
34%
Středočeský kraj 11,284 Vlašim
34%
Královéhradecký kraj 11,928 Vrchlabí
34%
Moravskoslezský kraj 10,576 Frenštát pod Radhoštěm
32%
Jihomoravský kraj 11,485 Kuřim
32%
Jihomoravský kraj 11,002 Kyjov
31%
Olomoucký kraj 13,007 Šternberk
30%
Olomoucký kraj 10,964 Uničov
30%
Jihomoravský kraj 10,355 Veselí nad Moravou
29%
Středočeský kraj 12,264 Čelákovice
27%
Zlínský kraj 11,519 Holešov
26%
Ústecký kraj 12,106 Krupka
26%
Jihomoravský kraj 11,919 Boskovice
24%
Středočeský kraj 10,645 Jesenice
24%
Středočeský kraj 12,713 Milovice
24%
Středočeský kraj 10,004 Králův Dvůr
23%
No matching quizzes found
Score Distribution
Percent of People with Each Score
Percentile by Number Answered
Your Score History
You have not taken this quiz